000 00658nam a22001937a 4500
005 20140623114449.0
010 _aENG-110231
020 _a9781138788190
_c850.00
035 _aEN-93763
037 _bDBAD/PUB
082 _a301.3260954
245 _aIndia migration report 2014 :
_cedited by S. Irudaya Rajan
_bdiaspora and development /
260 _aNew Delhi
_bRoutledge
_c2014
270 _a912, Tolstoy House, 15-17 Tolstoy Marg, Connaught Place
_bNew Delhi
_e110001
300 _axx,314p.
_c23cm(Hb)
500 _aIncludes bibliographical references and index
700 _aRajan, S. Irudaya
942 _2ddc
_cEN
_mIND
_h301.3260954
999 _c85034
_d85034